Statistics for Countries in World Cup 1998

Click here to take the quiz!

General Stats

  • This quiz has been taken 45 times
  • The average score is 26 of 32

Answer Stats

HintAnswer% Correct
EuropeEngland
98%
North AmericaUnited States
98%
South AmericaArgentina
95%
South AmericaBrazil
95%
Host/EuropeFrance
95%
North AmericaMexico
95%
EuropeSpain
95%
EuropeItaly
93%
AsiaJapan
93%
EuropeGermany
90%
AsiaSouth Korea
90%
South AmericaChile
85%
South AmericaColombia
85%
EuropeNetherlands
85%
AfricaNigeria
85%
EuropeBelgium
83%
EuropeDenmark
83%
AfricaCameroon
80%
AfricaMorocco
80%
South AmericaParaguay
80%
EuropeNorway
78%
AsiaSaudi Arabia
78%
EuropeAustria
75%
EuropeCroatia
73%
AfricaSouth Africa
73%
AsiaIran
70%
EuropeBulgaria
68%
EuropeRomania
68%
EuropeScotland
68%
AfricaTunisia
65%
North AmericaJamaica
63%
EuropeYugoslavia
38%

Score Distribution

Percentile by Number Answered

Percent of People with Each Score

Your Score History

You have not taken this quiz